Requerimientos financieros de la inversión en Centroamérica
Determina las necesidades de financiamiento externo en Centroamérica. Identifica la brecha existente entre los montos de inversión y los ahorros generados internamente. Informa sobre los volúmenes de inversión efectuados en la región durante la última década, así como la contribución del ahorro inte...
Sparad:
| Institutionell upphovsman: | |
|---|---|
| Materialtyp: | Text |
| Publicerad: |
Honduras:
BCIE
|
| Ämnen: | |
| Taggar: |
Lägg till en tagg
Inga taggar, Lägg till första taggen!
|
MARC
| LEADER | 00000 a a2200000 04500 | ||
|---|---|---|---|
| 001 | 20307 | ||
| 003 | |||
| 040 | |||
| 090 | |a 084300 | ||
| 110 | |a BCIE. Gerencia de Programación y Promoción. Area de Estudios Económicos y Programación General | ||
| 245 | |a Requerimientos financieros de la inversión en Centroamérica | ||
| 260 | |a Honduras: |b BCIE | ||
| 300 | |a 23 p. | ||
| 520 | |a Determina las necesidades de financiamiento externo en Centroamérica. Identifica la brecha existente entre los montos de inversión y los ahorros generados internamente. Informa sobre los volúmenes de inversión efectuados en la región durante la última década, así como la contribución del ahorro interno y externo a la inversión. Ofrece dados sobre la inversión interna bruta y el ahorro interno como porcentaje del PNB, por países y para el periodo 1965-1977. Relaciona el ahorro interno con la inversión interna bruta. Señala cual asido la participación del BCIE en la inversión interna bruta regional y en el financiamiento externo total./ACM | ||
| 650 | |a AMERICA CENTRAL | ||
| 650 | |a INVERSIONES | ||
| 650 | |a NECESIDADES DE INVERSIONES | ||
| 650 | |a POLITICA FINANCIERA | ||
| 650 | |a PRODUCTO NACIONAL BRUTO | ||
| 999 | |c 10017 |d 10017 | ||
